Countries that Start With P - Picture Quiz - Statistics

General Stats
  • This quiz has been taken 371 times
  • The average score is 7 of 9
Answer Stats
Picture Answer % Correct
Peru
97%
Pakistan
85%
Portugal
84%
Panama
83%
Poland
83%
Palau
79%
Paraguay
77%
Philippines
75%
Papua New Guinea
65%
No matching quizzes found
Score Distribution
Percent of People with Each Score
Percentile by Number Answered
Your Score History
You have not taken this quiz